|
|
|
|
| LEADER |
00000nlm1a2200000 4500 |
| 001 |
217129 |
| 005 |
20231031194423.0 |
| 035 |
|
|
|a (RuTPU)RU\TPU\book\237110
|
| 035 |
|
|
|a RU\TPU\book\89913
|
| 090 |
|
|
|a 217129
|
| 100 |
|
|
|a 20120531d2011 m y0rusy50 ca
|
| 101 |
0 |
|
|a rus
|
| 102 |
|
|
|a RU
|
| 181 |
|
0 |
|a i
|
| 182 |
|
0 |
|a b
|
| 200 |
1 |
|
|a Физика для геологов
|b Электронный ресурс
|e в 5 ч.
|e учебное пособие
|f Р. М. Гольд, Н. А. Ефремова
|g Национальный исследовательский Томский политехнический университет (ТПУ)
|
| 203 |
|
|
|a Текст
|c электронный
|
| 210 |
|
|
|a Томск
|c Изд-во ТПУ
|d 2011
|
| 700 |
|
1 |
|a Гольд
|b Р. М.
|c физик
|c доцент Томского политехнического университета
|g Роальд Михайлович
|2 stltpush
|
| 701 |
|
1 |
|a Ефремова
|b Н. А.
|c физик
|c старший преподаватель Томского политехнического университета
|g Наталья Александровна
|2 stltpush
|
| 712 |
0 |
2 |
|a Национальный исследовательский Томский политехнический университет (ТПУ)
|c (2009- )
|2 stltpush
|3 (RuTPU)RU\TPU\col\15902
|
| 801 |
|
1 |
|a RU
|b 63413507
|c 20051019
|g PSBO
|
| 801 |
|
2 |
|a RU
|b 63413507
|c 20150629
|g PSBO
|
| 942 |
|
|
|c CF
|